000 00550cam a2200217 4500
008 090401t1999 xxu||||| |||| 00| 0 eng d
020 _a1856691535
035 _a(Sirsi) u91820
041 _aeng
050 _a724.6
245 _aVertigo : the strange new world of the contemporary city.
260 _bLaurence King Publishing
_c1999
300 _a208p. ill. ;29cm.
350 _a30
650 _aARCHITECTURE
650 _aCITIES
690 _aBUILT ENVIRONMENT
700 _aMoore, Rowan
_xEditor
942 _n0
948 _c05/03/1999
999 _c97670
_d97670